<?xml version="1.0" encoding="UTF-8"?>
<record
    xmlns:xsi="http://www.w3.org/2001/XMLSchema-instance"
    xsi:schemaLocation="http://www.loc.gov/MARC21/slim http://www.loc.gov/standards/marcxml/schema/MARC21slim.xsd"
    xmlns="http://www.loc.gov/MARC21/slim">

  <leader>01670nam a2200289 i 4500</leader>
  <controlfield tag="003">DO-SdBNP</controlfield>
  <controlfield tag="005">20231121104759.0</controlfield>
  <controlfield tag="007">ta</controlfield>
  <controlfield tag="008">110413s2011    dr ao         000 j spa d</controlfield>
  <datafield tag="020" ind1=" " ind2=" ">
    <subfield code="a">9789945475258</subfield>
  </datafield>
  <datafield tag="040" ind1=" " ind2=" ">
    <subfield code="a">DO-SdBNP</subfield>
    <subfield code="b">spa</subfield>
    <subfield code="c">BNPHU</subfield>
    <subfield code="e">rda</subfield>
  </datafield>
  <datafield tag="082" ind1=" " ind2=" ">
    <subfield code="a">972.9372 </subfield>
    <subfield code="b">N753</subfield>
    <subfield code="2">22</subfield>
  </datafield>
  <datafield tag="100" ind1=" " ind2=" ">
    <subfield code="a">Noboa Bonilla, Eddie R. </subfield>
    <subfield code="9">83333</subfield>
    <subfield code="d">1925-2020</subfield>
  </datafield>
  <datafield tag="245" ind1="1" ind2="0">
    <subfield code="a">Destellos hist&#xF3;ricos de Azua /</subfield>
    <subfield code="c">Eddie R. Noboa Bonilla ; pr&#xF3;logo Rafael D&#xB4;Soto S&#xE1;nchez</subfield>
  </datafield>
  <datafield tag="264" ind1=" " ind2="1">
    <subfield code="a">Santo Domingo :</subfield>
    <subfield code="b">Rumbo Sur,</subfield>
    <subfield code="c">2011.</subfield>
  </datafield>
  <datafield tag="300" ind1=" " ind2=" ">
    <subfield code="a">141 p&#xE1;ginas </subfield>
    <subfield code="b">ilustraciones, fotograf&#xED;as</subfield>
    <subfield code="c">23 cm.</subfield>
  </datafield>
  <datafield tag="336" ind1=" " ind2=" ">
    <subfield code="2">rdacontent</subfield>
    <subfield code="a">texto</subfield>
    <subfield code="b">txt</subfield>
  </datafield>
  <datafield tag="337" ind1=" " ind2=" ">
    <subfield code="2">rdamedia</subfield>
    <subfield code="a">sin mediaci&#xF3;n </subfield>
    <subfield code="b">n</subfield>
  </datafield>
  <datafield tag="338" ind1=" " ind2=" ">
    <subfield code="2">rdacarrier</subfield>
    <subfield code="a">volumen</subfield>
    <subfield code="b">nc</subfield>
  </datafield>
  <datafield tag="500" ind1=" " ind2=" ">
    <subfield code="a">Incluye datos biogr&#xE1;ficos del autor en la solapas. </subfield>
  </datafield>
  <datafield tag="520" ind1=" " ind2=" ">
    <subfield code="a">Noboa Bonilla entiende que los pueblos evolucionan de acuerdo a sus posibilidades naturales y por el perfeccionamiento de sus habitantes, en lo cultural, pol&#xED;tico y social que las circunstancias demandan de ellos. El autor logra palmariamente plasmar su idea en Destellos hist&#xF3;ricos de Azua, progenie literaria de car&#xE1;cter hist&#xF3;rico. 
Resulta incre&#xED;blemente abarcadora la cobertura de este libro: desde la vivencia de nuestra raza primigenia antes de la colonizaci&#xF3;n hasta tiempos recientes, cosa que lo convierte, sin dudas, en un texto a consultar cada vez que se haga necesario conocer de modo intr&#xED;nseco la riqu&#xED;sima historia de esa legendaria provincia nuestra. </subfield>
  </datafield>
  <datafield tag="590" ind1=" " ind2=" ">
    <subfield code="a">Inventariado, 2023/ YL</subfield>
  </datafield>
  <datafield tag="651" ind1=" " ind2=" ">
    <subfield code="a">Azua (Rep&#xFA;blica Dominicana) </subfield>
    <subfield code="x">Historia</subfield>
    <subfield code="9">84655</subfield>
  </datafield>
  <datafield tag="700" ind1="1" ind2=" ">
    <subfield code="a">D&#xB4;Soto S&#xE1;nchez, Rafael Guaroa</subfield>
    <subfield code="e">pr&#xF3;logo</subfield>
    <subfield code="9">84653</subfield>
  </datafield>
  <datafield tag="910" ind1=" " ind2=" ">
    <subfield code="a">YLockward</subfield>
  </datafield>
  <datafield tag="942" ind1=" " ind2=" ">
    <subfield code="2">ddc</subfield>
    <subfield code="c">LBS1</subfield>
  </datafield>
  <datafield tag="952" ind1=" " ind2=" ">
    <subfield code="0">0</subfield>
    <subfield code="1">0</subfield>
    <subfield code="2">ddc</subfield>
    <subfield code="5">1</subfield>
    <subfield code="7">0</subfield>
    <subfield code="8">PD</subfield>
    <subfield code="a">BNPHU</subfield>
    <subfield code="b">BNPHU</subfield>
    <subfield code="c">CT</subfield>
    <subfield code="d">2023-08-15</subfield>
    <subfield code="e">Isabel Medina</subfield>
    <subfield code="l">0</subfield>
    <subfield code="o">BNPHU PD 972.9372  N753</subfield>
    <subfield code="p">2023-7919</subfield>
    <subfield code="r">2023-11-21</subfield>
    <subfield code="w">2023-11-21</subfield>
    <subfield code="y">LBS1</subfield>
  </datafield>
  <datafield tag="999" ind1=" " ind2=" ">
    <subfield code="c">55539</subfield>
    <subfield code="d">55539</subfield>
  </datafield>
</record>
